000 00430nam a2200193Ia 4500
001 14285
003 GE_BSU
008 181216s||||||||xx |||||||||||||| ||und||
040 _cGE_BSU
080 _a746
100 _aBarnard,Nicholas
245 4 _aThe Complete Home Decorating Book
260 _aLondon
260 _bBCA
260 _c1994
300 _a288p.ill.
653 _aThe Complete Home Decorating Book
942 _cBK
999 _c47423
_d47423